Online
Catalog

La compañia de Jesús en Santo Domingo durante el período hispánico / (Record no. 30084)

MARC details
000 -CABECERA
campo de control de longitud fija 00968nam a2200229 a 4500
001 - NÚMERO DE CONTROL
campo de control 000030592
005 - FECHA Y HORA DE LA ÚLTIMA TRANSACCIÓN
campo de control 20200930062409.0
008 - DATOS DE LONGITUD FIJA--INFORMACIÓN GENERAL
campo de control de longitud fija 110524s1950 dr 000 0 spa d
040 ## - FUENTE DE LA CATALOGACIÓN
Centro catalogador/agencia de origen DO-SdBNP
Lengua de catalogación spa
Centro/agencia transcriptor BNPHU
082 ## - NÚMERO DE LA CLASIFICACIÓN DECIMAL DEWEY
Número de clasificación 271.5307293
Número de documento/Ítem V181c
100 1# - ENTRADA PRINCIPAL--NOMBRE DE PERSONA
Nombre de persona Valle LLano, Antonio
9 (RLIN) 57056
245 13 - MENCIÓN DE TÍTULO
Título La compañia de Jesús en Santo Domingo durante el período hispánico /
Mención de responsabilidad, etc. Antonio Valle LLano ; prólogo de Manuel Arturo Peña Batlle.
260 ## - PUBLICACIÓN, DISTRIBUCIÓN, ETC.
Lugar de publicación, distribución, etc. Ciudad Trujillo, República Dominicana :
Nombre del editor, distribuidor, etc. Impresora Dominicana,
Fecha de publicación, distribución, etc. 1950.
300 ## - DESCRIPCIÓN FÍSICA
Extensión 376 p. :
Otras características físicas il., retr. ;
Dimensiones 22 cm.
500 ## - NOTA GENERAL
Nota general Algunas notas historicas recogidas por Antonio Valle Llano
500 ## - NOTA GENERAL
Nota general Incluye referencias bibliográficas y notas al final de los capitulos
504 ## - NOTA DE BIBLIOGRAFÍA, ETC.
Nota de bibliografía, etc. Incluye índices
590 ## - NOTA LOCAL (RLIN)
Nota local Inventariado, 2019/BT
650 #4 - PUNTO DE ACCESO ADICIONAL DE MATERIA--TÉRMINO DE MATERIA
Término de materia o nombre geográfico como elemento de entrada Jesuitas
Subdivisión geográfica República Dominicana
9 (RLIN) 57057
700 12 - PUNTO DE ACCESO ADICIONAL--NOMBRE DE PERSONA
Nombre de persona Peña Batlle, Manuel Arturo,
Fechas asociadas al nombre 1902-1952,
Término indicativo de función/relación pról.
9 (RLIN) 8406
910 ## - DATOS DE OPCIÓN DEL USUARIO (OCLC)
Datos de opción del usuario Validado. Control de calidad MFF
Holdings
Estado de retiro Estado de pérdida Restricciones de uso No para préstamo Código de colección Localización permanente Ubicación/localización actual Ubicación en estantería Fecha de adquisición Número de inventario Total de préstamos Signatura topográfica completa Código de barras Fecha visto por última vez Número de copia Precio válido a partir de Tipo de ítem Koha Nota pública
        Raros y valiosos General General Depósito 17.07.2013 LF1   271.5307293 V181c 30592-30 25.06.2020 e.3 25.06.2020 Préstamo en sala Dedicado.
        Raros y valiosos General General Depósito 26.06.2019 LF1   271.5307293 V181c 30592-40 25.06.2020 e.4 25.06.2020 Préstamo en sala Perteneció a la biblioteca personal de Francisco E. Beras.
        Raros y valiosos General General Depósito 21.08.2019 LF1   271.5307293 V181c 30592-50 25.06.2020 e.5 25.06.2020 Préstamo en sala Perteneció a la biblioteca personal de la Familia Reyes Duluc.
      Excluido de préstamo Raros y valiosos Patrimonio Dominicano Patrimonio Dominicano Depósito 24.05.2011 LF1   271.5307293 V181c 30592-10 25.06.2020   25.06.2020 No se presta Perteneció a la biblioteca personal de Julio Ortega Frier.
      Excluido de préstamo Raros y valiosos Patrimonio Dominicano Patrimonio Dominicano Depósito 24.05.2011 LF1   271.5307293 V181c 30592-20 25.06.2020 e.2 25.06.2020 No se presta Perteneció a la biblioteca personal de Germán Emilio Ornes.

Powered by Koha